Sports Quiz

Random Sports or NFL Quiz

NFL 5+ Rushing TDs by a QB Quiz Stats

 Plays Quiz Updated Jan 1, 2018

Challenge
Share
Tweet
Embed
Score 0/103 Timer 08:00
0 Plays Today
Tm Yr QB % Correct
CAR 2017Cam Newton
96.4%
CAR 2016Cam Newton
96.1%
CAR 2011Cam Newton
96%
CAR 2014Cam Newton
95.5%
CAR 2013Cam Newton
95.4%
CAR 2012Cam Newton
95.4%
CAR 2015Cam Newton
95.2%
PHI 2010Michael Vick
95.1%
ATL 2002Michael Vick
95.1%
ATL 2005Michael Vick
95.1%
TEN 2006Vince Young
88.9%
SFO 1994Steve Young
88.9%
SFO 1998Steve Young
88.9%
PHI 2002Donovan McNabb
84.9%
PHI 2000Donovan McNabb
84.9%
TAM 1986Steve Young
84.7%
MIN 2002Daunte Culpepper
80.8%
MIN 2000Daunte Culpepper
80.8%
MIN 2001Daunte Culpepper
80.8%
TEN 1999Steve McNair
79.2%
TEN 1997Steve McNair
79.2%
TEN 2001Steve McNair
79.1%
DEN 2011Tim Tebow
78.3%
SEA 2014Russell Wilson
77.9%
NYJ 2013Geno Smith
77.3%
DEN 2010Tim Tebow
77.2%
DAL 2017Dak Prescott
75.9%
KAN 2016Alex Smith
75.7%
WAS 2012Robert Griffin III
75.4%
GNB 2009Aaron Rodgers
73.9%
IND 2012Andrew Luck
72.7%
DAL 2016Dak Prescott
70.6%
PIT 1997Kordell Stewart
68.5%
PIT 2000Kordell Stewart
68.5%
PIT 2001Kordell Stewart
68.5%
Tm Yr QB % Correct
PIT 1996Kordell Stewart
68.5%
PHI 1988Randall Cunningham
67.9%
PHI 1990Randall Cunningham
67.9%
PHI 1986Randall Cunningham
67.9%
PHI 1992Randall Cunningham
67.9%
SFO 2012Colin Kaepernick
67.8%
TEN 2017Marcus Mariota
67.5%
NYJ 2011Mark Sanchez
66.7%
DEN 1991John Elway
66.2%
BUF 2016Tyrod Taylor
65.1%
PIT 1971Terry Bradshaw
61.8%
PIT 1972Terry Bradshaw
61.8%
SFO 2003Jeff Garcia
61.6%
SFO 2001Jeff Garcia
61.6%
HOU 1988Warren Moon
60.2%
TAM 2015Jameis Winston
59.8%
JAX 2010David Garrard
56.1%
WAS 2015Kirk Cousins
55.9%
CLE 2017DeShone Kizer
51.8%
NOR 1977Archie Manning
49.7%
NYJ 2017Josh McCown
44.3%
MIN 1961Fran Tarkenton
39.4%
PHI 1977Ron Jaworski
29.8%
NWE 1976Steve Grogan
28.8%
NWE 1978Steve Grogan
28.8%
TAM 2000Shaun King
22.9%
MIN 1987Wade Wilson
21.9%
NWE 1984Tony Eason
21.7%
BUF 1963Jack Kemp
19%
LAC 1960Jack Kemp
19%
SDG 1961Jack Kemp
19%
BUF 1966Jack Kemp
19%
BUF 1964Jack Kemp
19%
CAR 2001Chris Weinke
18.2%
DET 1990Rodney Peete
17.8%
Tm Yr QB % Correct
SEA 1978Jim Zorn
17.8%
GNB 1989Don Majkowski
17.1%
NWE 1973Jim Plunkett
16.6%
PIT 1988Bubby Brister
14.4%
RAM 1969Roman Gabriel
13.9%
RAM 1967Roman Gabriel
13.9%
DAL 1966Don Meredith
13.7%
NYJ 1980Richard Todd
11.2%
NYJ 1979Richard Todd
11.2%
STL 1968Jim Hart
10.4%
CHI 1972Bobby Douglass
9.5%
CHI 1973Bobby Douglass
9.5%
PIT 1986Mark Malone
9.4%
KAN 1995Steve Bono
8.2%
RAI 1993Jeff Hostetler
7.8%
DET 1972Greg Landry
7.7%
CHI 1980Vince Evans
6.9%
BUF 1964Daryle Lamonica
5.8%
DET 1981Eric Hipple
5.6%
SFO 1961Billy Kilmer
5.3%
CHI 1985Steve Fuller
5.1%
RAM 1974James Harris
4.3%
BOS 1963Babe Parilli
4.3%
CHI 1963Billy Wade
3.8%
CHI 1962Billy Wade
3.8%
CLE 1972Mike Phipps
3.3%
CLE 1973Mike Phipps
3.3%
CIN 1979Jack Thompson
3.2%
GNB 1972Scott Hunter
1.7%
DET 1960Jim Ninowski
0.9%
DET 1961Jim Ninowski
0.9%
NYT 1960Al Dorow
0.7%
HOU 1966Don Trull
0.6%

You're not logged in!

Compare scores with friends on all Sporcle quizzes.
Join for Free
OR
Log In

You Might Also Like...

Show Comments

Extras

Top Quizzes Today


Score Distribution

Your Account Isn't Verified!

In order to create a playlist on Sporcle, you need to verify the email address you used during registration. Go to your Sporcle Settings to finish the process.

Report this User

Report this user for behavior that violates our Community Guidelines.

Details: